000 00259nam a2200109Ia 4500
008 220120s9999||||xx |||||||||||||| ||und||
100 _aLoney S.L
_911403
245 0 _aCoordinate geometry
260 _aAITBS press
_c2001
300 _b0
650 _aELECTRONICS
999 _c137099
_d137099